000 00543nam a2200217Ia 4500
003 OSt
005 20220923230924.0
006 a|||||r|||| 00| 0
007 ta
008 Pun
024 _a306,484
037 _cTextual
040 _aARTS
_cARTS
_bPun
041 _2Pun
_aPun
082 _aQ8441wK66, 153L3
100 _aਸਤਿਬੀਰ ਸਿੰਘ
245 0 _aਪੁਰਖ ਭਗਵੰਤ
260 _c1973
942 _hQ8441wK66, 153L3
_cTEXL
_2CC
999 _c388264
_d388264